<?xml version="1.0" encoding="UTF-8"?>
<record
    xmlns:xsi="http://www.w3.org/2001/XMLSchema-instance"
    xsi:schemaLocation="http://www.loc.gov/MARC21/slim http://www.loc.gov/standards/marcxml/schema/MARC21slim.xsd"
    xmlns="http://www.loc.gov/MARC21/slim">

  <leader>03790nam a2200529Ia 4500</leader>
  <controlfield tag="001">1632</controlfield>
  <controlfield tag="008">241029s9999    xx            000 0 und d</controlfield>
  <datafield tag="010" ind1=" " ind2=" ">
    <subfield code="a">1526</subfield>
  </datafield>
  <datafield tag="041" ind1=" " ind2=" ">
    <subfield code="a">Espa&#xF1;ol</subfield>
  </datafield>
  <datafield tag="082" ind1=" " ind2=" ">
    <subfield code="a">RSTA MAPE 2001-26</subfield>
  </datafield>
  <datafield tag="245" ind1=" " ind2="0">
    <subfield code="a">Un sistema de mantenimiento escolar a nivel distrital</subfield>
  </datafield>
  <datafield tag="260" ind1=" " ind2=" ">
    <subfield code="a">Santo Domingo</subfield>
  </datafield>
  <datafield tag="300" ind1=" " ind2=" ">
    <subfield code="a">44</subfield>
  </datafield>
  <datafield tag="520" ind1=" " ind2=" ">
    <subfield code="a">36</subfield>
  </datafield>
  <datafield tag="630" ind1=" " ind2=" ">
    <subfield code="a">Administraci&#xF3;n</subfield>
  </datafield>
  <datafield tag="630" ind1=" " ind2=" ">
    <subfield code="a">Mantenimiento Escolar</subfield>
  </datafield>
  <datafield tag="650" ind1=" " ind2=" ">
    <subfield code="a">Administraci&#xF3;n de la Educaci&#xF3;n</subfield>
  </datafield>
  <datafield tag="690" ind1=" " ind2=" ">
    <subfield code="a">Sintetizado</subfield>
  </datafield>
  <datafield tag="700" ind1=" " ind2=" ">
    <subfield code="e">asesor</subfield>
    <subfield code="a">Del&#xE1;ncer, V&#xED;ctor Hugo</subfield>
  </datafield>
  <datafield tag="700" ind1=" " ind2=" ">
    <subfield code="e">autor</subfield>
    <subfield code="a">de la Rosa Tapia, Mar&#xED;a del Jes&#xFA;s</subfield>
  </datafield>
  <datafield tag="901" ind1=" " ind2=" ">
    <subfield code="a">{"1":"de la Rosa Tapia"}</subfield>
    <subfield code="b">{"1":"Mar&#xED;a del Jes&#xFA;s"}</subfield>
  </datafield>
  <datafield tag="902" ind1=" " ind2=" ">
    <subfield code="a">1</subfield>
  </datafield>
  <datafield tag="903" ind1=" " ind2=" ">
    <subfield code="a">{"1":"Del&#xE1;ncer"}</subfield>
    <subfield code="b">{"1":"V&#xED;ctor Hugo"}</subfield>
  </datafield>
  <datafield tag="904" ind1=" " ind2=" ">
    <subfield code="a">Maestr&#xED;a en</subfield>
  </datafield>
  <datafield tag="905" ind1=" " ind2=" ">
    <subfield code="a">Administraci&#xF3;n y Planificaci&#xF3;n de la Educaci&#xF3;n</subfield>
  </datafield>
  <datafield tag="906" ind1=" " ind2=" ">
    <subfield code="a">2</subfield>
  </datafield>
  <datafield tag="907" ind1=" " ind2=" ">
    <subfield code="a">NO APLICA</subfield>
  </datafield>
  <datafield tag="908" ind1=" " ind2=" ">
    <subfield code="a">NO APLICA</subfield>
  </datafield>
  <datafield tag="909" ind1=" " ind2=" ">
    <subfield code="a">Pontificia Universidad Cat&#xF3;lica Madre y Maestra (PUCMM), Recinto Santo Tom&#xE1;s de Aquino</subfield>
  </datafield>
  <datafield tag="910" ind1=" " ind2=" ">
    <subfield code="a">NULL</subfield>
    <subfield code="b">NULL</subfield>
  </datafield>
  <datafield tag="911" ind1=" " ind2=" ">
    <subfield code="a">["1"]</subfield>
  </datafield>
  <datafield tag="912" ind1=" " ind2=" ">
    <subfield code="a">NO APLICA</subfield>
  </datafield>
  <datafield tag="913" ind1=" " ind2=" ">
    <subfield code="a">NULL</subfield>
  </datafield>
  <datafield tag="914" ind1=" " ind2=" ">
    <subfield code="a">01 de Febrero de 2001</subfield>
  </datafield>
  <datafield tag="915" ind1=" " ind2=" ">
    <subfield code="a">18/09/14 09:09</subfield>
  </datafield>
  <datafield tag="916" ind1=" " ind2=" ">
    <subfield code="a">NULL</subfield>
  </datafield>
  <datafield tag="917" ind1=" " ind2=" ">
    <subfield code="a">NULL</subfield>
  </datafield>
  <datafield tag="918" ind1=" " ind2=" ">
    <subfield code="a">NO APLICA</subfield>
  </datafield>
  <datafield tag="919" ind1=" " ind2=" ">
    <subfield code="a">["269","133"]</subfield>
  </datafield>
  <datafield tag="520" ind1=" " ind2=" ">
    <subfield code="a">La propuesta de un sistema de mantenimiento escolar a nivel Distrital, es un programa de car&#xE1;cter nacional, para ser aplicado a nivel Distrital. Su estructura organizativa de ejecuci&#xF3;n es la unidad t&#xE9;cnico administrativa de mantenimiento, creada para tal fin. Esta unidad operar&#xE1; interrelacionada con la Direcci&#xF3;n General de Edificaciones Escolares, Educaci&#xF3;n T&#xE9;cnica Profesional y participaci&#xF3;n comunitaria a nivel central, con la Direcci&#xF3;n Regional correspondiente y apoyada a nivel local por las sociedades de padres y los comit&#xE9;s de mantenimiento de cada plantel; desde esta unidad se realizar&#xE1; y/o coordinar&#xE1; el mantenimiento de la planta f&#xED;sica, el mobiliario y los equipos de todos los planteles de cada Distrito Educativo y asumir&#xE1; la supervisi&#xF3;n y el control t&#xE9;cnico de los trabajos de mantenimiento preventivo proveniente de cualquier unidad educativa que los financie o que los ejecute.Adem&#xE1;s, esta unidad coordinar&#xE1; con la Direcci&#xF3;n de Educaci&#xF3;n T&#xE9;cnico Profesional un subcomponente educativo dirigido a directores, maestros, alumnos y padres que consistir&#xE1; en cursos talleres, charlas y asistencia t&#xE9;cnica compartida que ayuden a crear conciencia en los usuarios de los planteles educativos y su mobiliario. En este programa, la unidad de an&#xE1;lisis b&#xE1;sico ser&#xE1; el Distrito Escolar con sus centros y planteles; esto comprende cuatro &#xE1;reas que son: mantenimiento de la planta f&#xED;sica, mantenimiento del mobiliario, mantenimiento de equipos y educar para el mantenimiento.La ejecuci&#xF3;n a nivel nacional tendr&#xE1; una duraci&#xF3;n de tres a&#xF1;os para ser ejecutado en tres grandes etapas: 1era. Etapa: pilotaje en tres Distritos Educativos con duraci&#xF3;n de un a&#xF1;o, en este caso los Distritos 15-02, 15-03 y 17-03. 2da. Etapa: ampliaci&#xF3;n y 3era. Etapa: fortalecimiento. Los objetivos son: reducir los costos de inversi&#xF3;n en planta f&#xED;sica, equipos y mobiliarios, mediante el desarrollo de una cultura de mantenimiento; entrenar a los directores, maestros y padres de familia en las tareas de mantenimiento preventivo; capacitar al personal de la unidad y a los usuarios directos de la infraestructura b&#xE1;sica de mantenimiento escolar; mejorar significativamente las condiciones de la infraestructura b&#xE1;sica y que los miembros de la comunidad y de la escuela muestren una actitud positiva y de colaboraci&#xF3;n en el mantenimiento de la infraestructura.</subfield>
  </datafield>
  <datafield tag="921" ind1=" " ind2=" ">
    <subfield code="a">11</subfield>
  </datafield>
  <datafield tag="922" ind1=" " ind2=" ">
    <subfield code="a">11</subfield>
  </datafield>
  <datafield tag="923" ind1=" " ind2=" ">
    <subfield code="a">0</subfield>
  </datafield>
  <datafield tag="924" ind1=" " ind2=" ">
    <subfield code="a">NO APLICA</subfield>
  </datafield>
  <datafield tag="942" ind1=" " ind2=" ">
    <subfield code="c">Tesis</subfield>
  </datafield>
  <datafield tag="999" ind1=" " ind2=" ">
    <subfield code="c">1526</subfield>
    <subfield code="d">1526</subfield>
  </datafield>
</record>
